01330nam a22001337a 4500082000800000100002300008245008000031264003800111300002600149500089600175650003601071700003201107856005701139 a621 aTanveer, Abdullah  aEnergy Harvesting by Bio-Inspired Inverted C- Cylinders /cAbdullah Tanveer aIslamabad : bSMME- NUST; c2022. a51p.bSoft Copyc30cm aIn a uniform flow, the interaction of piezoelectric flag with bio inspired C shaped bluff bodies was examined. Based on vortex-induced vibration, the piezoelectric eel converts the kinetic energy of flowing water into electrical energy. The flapping behavior of a piezoelectric flag in the wake of a bluff body was studied in terms of stream wise gap between piezoelectric flag and bluff body. The experiments were carried out by placing a conventional piezoelectric flag in the wake of a bluff body in a low-speed water tunnel and varying the stream wise gap (Gx) behind a bio inspired inverted C shaped cylinder to see how the vortices produced by the bluff body affected the flapping amplitude, frequency, and voltage generated by the piezoelectric flags. The effect of different bluff bodies and varying streamwise gap on energy harvesting was observed and optimal results were obtained. aMS Mechanical Engineering  aSupervisor : Dr. Emad Uddin uhttp://10.250.8.41:8080/xmlui/handle/123456789/29536